| 000 | 00000nam 2200000za 4500 |
| 001 | 9.816907 |
| 003 | CaOODSP |
| 005 | 20250721104027 |
| 007 | cr ||||||||||| |
| 008 | 160809s2016 qucb ob f000 0 eng d |
| 020 | |a978-0-660-05390-5 |
| 040 | |aCaOODSP|beng |
| 043 | |an-cn--- |
| 086 | 1 |aEn4-281/2016E-PDF |
| 245 | 00|aExtent of Canada's wetlands |h[electronic resource]. |
| 246 | 1 |iAt head of title: |aCanadian environmental sustainability indicators |
| 260 | |aGatineau, QC : |bEnvironment and Climate Change Canada, |cc2016. |
| 300 | |a12 p. : |bill. |
| 500 | |aIssued also in French under title: Étendue des milieux humides au Canada. |
| 500 | |a"July 2016." |
| 504 | |aIncludes bibliographical references (p. 11). |
| 692 | 07|2gccst|aWetlands |
| 692 | 07|2gccst|aEnvironmental indicators |
| 710 | 1 |aCanada. |bEnvironment and Climate Change Canada. |
| 775 | 08|tÉtendue des milieux humides au Canada |w(CaOODSP)9.816908 |
| 794 | |tCanadian environmental sustainability indicators : |bJune 2025|w(CaOODSP)9.951243 |
| 856 | 40|qPDF|s307 KB|uhttps://publications.gc.ca/collections/collection_2016/eccc/En4-281-2016-eng.pdf |